5HLuxD.jpg

KING HENRY VIII SENIOR AND PRIMARY SCHOOL LIBRARY OPAC

Twelfth night, or, What you will / (Record no. 5184)

000 -LEADER
fixed length control field 01516pam a2200421 a 4500
001 - CONTROL NUMBER
control field 3054059
003 - CONTROL NUMBER IDENTIFIER
control field OSt
005 - DATE AND TIME OF LATEST TRANSACTION
control field 20250821111225.0
008 - FIXED-LENGTH DATA ELEMENTS--GENERAL INFORMATION
fixed length control field 960814s1996 nyu b 000 0 eng
010 ## - LIBRARY OF CONGRESS CONTROL NUMBER
LC control number 96038467
020 ## - INTERNATIONAL STANDARD BOOK NUMBER
International Standard Book Number 0486292908
Qualifying information pbk.
020 ## - INTERNATIONAL STANDARD BOOK NUMBER
International Standard Book Number 9780486292908
Qualifying information (pbk.)
035 ## - SYSTEM CONTROL NUMBER
System control number 3054059
040 ## - CATALOGING SOURCE
Original cataloging agency DLC
Transcribing agency DLC
Modifying agency DLC
-- KH8
082 00 - DEWEY DECIMAL CLASSIFICATION NUMBER
Classification number 822.3 SHA
Edition number 20
100 1# - MAIN ENTRY--PERSONAL NAME
Personal name Shakespeare, William,
Dates associated with a name 1564-1616,
Relator term author.
245 10 - TITLE STATEMENT
Title Twelfth night, or, What you will /
Statement of responsibility, etc. William Shakespeare ; [edited by Candace Ward].
246 30 - VARYING FORM OF TITLE
Title proper/short title Twelfth night
246 30 - VARYING FORM OF TITLE
Title proper/short title What you will
250 ## - EDITION STATEMENT
Edition statement Dover ed.
260 ## - PUBLICATION, DISTRIBUTION, ETC.
Place of publication, distribution, etc. Mineola, N.Y. :
Name of publisher, distributor, etc. Dover Publications,
Date of publication, distribution, etc. 1996.
300 ## - PHYSICAL DESCRIPTION
Extent viii, 71 p. ;
Dimensions 22 cm.
336 ## - CONTENT TYPE
Content type term text
Content type code txt
Source rdacontent
337 ## - MEDIA TYPE
Media type term unmediated
Media type code n
Source rdamedia
338 ## - CARRIER TYPE
Carrier type term volume
Carrier type code nc
Source rdacarrier
440 #0 - SERIES STATEMENT/ADDED ENTRY--TITLE
Title Dover thrift editions
500 ## - GENERAL NOTE
General note "Contains the unabridged text ... as published in volume VI of The Caxton Edition of the Complete Works of William Shakespeare ... explanatory footnotes from the Caxton edition have been supplemented and revised"--T.p. verso.
504 ## - BIBLIOGRAPHY, ETC. NOTE
Bibliography, etc. note Includes bibliographical references.
650 #0 - SUBJECT ADDED ENTRY--TOPICAL TERM
Topical term or geographic name entry element Shipwreck survival
Form subdivision Drama.
650 #0 - SUBJECT ADDED ENTRY--TOPICAL TERM
Topical term or geographic name entry element Siblings
Form subdivision Drama.
650 #0 - SUBJECT ADDED ENTRY--TOPICAL TERM
Topical term or geographic name entry element Mistaken identity
Form subdivision Drama.
650 #0 - SUBJECT ADDED ENTRY--TOPICAL TERM
Topical term or geographic name entry element Twins
Form subdivision Drama.
651 #0 - SUBJECT ADDED ENTRY--GEOGRAPHIC NAME
Geographic name Illyria
Form subdivision Drama.
655 #7 - INDEX TERM--GENRE/FORM
Genre/form data or focus term Comedies.
Source of term gsafd
655 #7 - INDEX TERM--GENRE/FORM
Genre/form data or focus term Drama.
Source of term lcgft
Authority record control number or standard number https://id.loc.gov/authorities/genreForms/gf2014026297
700 1# - ADDED ENTRY--PERSONAL NAME
Personal name Ward, Candace,
Relator term editor.
942 ## - ADDED ENTRY ELEMENTS (KOHA)
Source of classification or shelving scheme
Koha item type Teaching Resources
Holdings
Withdrawn status Lost status Source of classification or shelving scheme Damaged status Not for loan Collection code Permanent Location Current Location Shelving location Date acquired Full call number Barcode Date last seen Copy number Price effective from Koha item type Total Checkouts Date due Date last checked out
          Teaching Resources KH8 Senior School Library KH8 Senior School Library Staff Office 2025-08-21 822.3 SHA TRKHSL006444 2025-08-21 1 2025-08-21 Teaching Resources      
          Teaching Resources KH8 Senior School Library KH8 Senior School Library Staff Office 2025-08-21 822.3 SHA TRKHSL006445 2025-08-27 2 2025-08-21 Teaching Resources 1 2026-07-03 2025-08-27
          Teaching Resources KH8 Senior School Library KH8 Senior School Library Staff Office 2025-08-21 822.3 SHA TRKHSL006446 2025-08-27 3 2025-08-21 Teaching Resources 1 2026-07-03 2025-08-27
          Teaching Resources KH8 Senior School Library KH8 Senior School Library Staff Office 2025-08-21 822.3 SHA TRKHSL006447 2025-08-27 4 2025-08-21 Teaching Resources 1 2026-07-03 2025-08-27
          Teaching Resources KH8 Senior School Library KH8 Senior School Library Staff Office 2025-08-21 822.3 SHA TRKHSL006448 2025-08-27 5 2025-08-21 Teaching Resources 1 2026-07-03 2025-08-27

Powered By KH8 IT Dept